| 000 | 00807cab a2200241 4500 | ||
|---|---|---|---|
| 001 | WB3411-64 | ||
| 008 | 090401t1998 xxu||||| |||| 00| 0 eng d | ||
| 035 | _a(Sirsi) u85053 | ||
| 041 | _aeng | ||
| 245 | _aInheritance tax | ||
| 260 | _c1998 | ||
| 350 | _a0 | ||
| 490 |
_aInland Revenue Press Release _v(31) 17 March 1998 (4) |
||
| 520 | _aChanges to the conditions of the inheritance tax exemptions for heritage assets were announced in the Budget. It is intended that the measures will give the public better access to these assets whilst maintaining protection for the heritage. Details. | ||
| 650 | _aBUDGET 1998 | ||
| 650 | _aEXEMPTIONS | ||
| 650 | _aHERITAGE ASSETS | ||
| 650 | _aINHERITANCE TAX | ||
| 650 | _aPUBLIC ACCESS | ||
| 690 | _aTAXATION | ||
| 942 | _n0 | ||
| 948 | _c19/03/1998 | ||
| 999 |
_c53471 _d53471 |
||